<?xml version="1.0" encoding="UTF-8"?>
<marc:record xmlns:marc="http://www.loc.gov/MARC21/slim">
   <marc:leader>00000nam a2200000 a 4500</marc:leader>
   <marc:datafield ind1="1" ind2=" " tag="100">
      <marc:subfield code="a">Birnbaum, Elisabeth</marc:subfield>
      <marc:subfield code="4">aut</marc:subfield>
      <marc:subfield code="e">Verfasser/-in</marc:subfield>
   </marc:datafield>
   <marc:datafield ind1=" " ind2=" " tag="653">
      <marc:subfield code="a">Bibel</marc:subfield>
   </marc:datafield>
   <marc:datafield ind1=" " ind2=" " tag="653">
      <marc:subfield code="a">Altes Testament</marc:subfield>
   </marc:datafield>
   <marc:datafield ind1="0" ind2="0" tag="245">
      <marc:subfield code="a">Crashkurs Altes Testament</marc:subfield>
   </marc:datafield>
   <marc:datafield ind1="0" ind2="0" tag="245">
      <marc:subfield code="c">Elisabeth Birnbaum ; Illustrationen von David Kassl</marc:subfield>
   </marc:datafield>
   <marc:datafield ind1=" " ind2="1" tag="264">
      <marc:subfield code="a">Wien</marc:subfield>
      <marc:subfield code="b">Wiener Dom-Verlag</marc:subfield>
      <marc:subfield code="c">2021</marc:subfield>
   </marc:datafield>
   <marc:datafield ind1="1" ind2=" " tag="520">
      <marc:subfield code="a">Quelle: bn.bibliotheksnachrichten (http://www.biblio.at/literatur/bn/index.html); #Autor: Karl Krendl; #Eine niederschwellige und optisch ansprechende Einführung in die 46 Bücher des Alten Testaments. (PR)#Als es der Pandemie-Lockdown 2020 der Direktorin des Bibelwerkes, Elisabeth Birnbaum, verunmöglichte, weiter Kurse und Einführungsvorträge zur Bibel durchzuführen, schritt sie zur Tat und bot zunächst via Internet einen Crashkurs zum Alten Testament an, in dem sie an 46 Tagen die 46 alttestamentlichen Bücher in kurzen Videoclips vorstellte. Da diese Methode großen Zuspruch fand, adaptierte sie die Autorin für ein bücheraffines Publikum.#Eröffnet von einer programmatischen Überschrift, führt die Autorin auf jeweils drei Seiten niederschwellig in die wesentlichen Inhalte der 46 Bücher ein. Die Ausführungen vermitteln prägnant Inhalte, historische Hintergründe und theologische Konzeptionen, zudem sind sie gut strukturiert, leicht verständlich und (fast) frei von Fachbegriffen. Nicht unerwähnt soll das originell gestaltete und hintergründige Layout des Grafikers David Kassel bleiben, der mit einfachen Figuren und Symbolen optisch die Verknüpfung der biblischen Bücher vor Augen führt. Der Crashkurs möchte laut Autorin einen Vorgeschmack auf das Alte Testament geben und ein Ausgangspunkt für dessen weitere Erkundung sein, als solcher kann er (nicht nur) Erstleser*innen sehr ans Herz gelegt werden.</marc:subfield>
   </marc:datafield>
   <marc:datafield ind1=" " ind2=" " tag="020">
      <marc:subfield code="a">9783853512951</marc:subfield>
      <marc:subfield code="9">9783853512951</marc:subfield>
   </marc:datafield>
   <marc:datafield ind1=" " ind2=" " tag="041">
      <marc:subfield code="a">ger</marc:subfield>
   </marc:datafield>
   <marc:datafield ind1=" " ind2=" " tag="300">
      <marc:subfield code="a">206 Seiten</marc:subfield>
   </marc:datafield>
</marc:record>
